[Event "Tradewise Hastings Masters 15-16"]
[Site "Hastings, England"]
[Date "2016.01.04"]
[Round "8.1"]
[White "Mista, Aleksander"]
[Black "Berkes, Ferenc"]
[Result "1/2-1/2"]
[WhiteElo "2567"]
[BlackElo "2650"]
[PlyCount "20"]
[EventDate "2016.??.??"]

1. e4 c6 2. d4 d5 3. Nc3 dxe4 4. Nxe4 Nd7 5. Nf3 Ngf6 6. Ng3 e6 7. Bd3 c5 8.
O-O Be7 9. b3 O-O 10. c4 cxd4 1/2-1/2

[Event "Tradewise Hastings Masters 15-16"]
[Site "Hastings, England"]
[Date "2016.01.04"]
[Round "8.2"]
[White "Vakhidov, Jahongir"]
[Black "Fodor, Tamas Jr"]
[Result "1-0"]
[WhiteElo "2546"]
[BlackElo "2492"]
[PlyCount "65"]
[EventDate "2016.??.??"]

1. g3 d5 2. Nf3 Nc6 3. d4 Bf5 4. Bg2 e6 5. O-O Nf6 6. Nh4 Be4 7. f3 Bg6 8. Nxg6
hxg6 9. c3 e5 10. Be3 Bd6 11. Nd2 Qd7 12. Bf2 O-O-O 13. dxe5 Nxe5 14. Qc2 Rh5
15. Rfd1 Rdh8 16. Nf1 g5 17. b3 Qe6 18. Rac1 Nfd7 19. Qd2 Nf6 20. Qc2 Ba3 21.
Rb1 Bd6 22. c4 dxc4 23. bxc4 Qxc4 24. Qb2 Qa6 25. f4 Nc6 26. Rxd6 cxd6 27. Bxc6
bxc6 28. Qb8+ Kd7 29. Rb7+ Ke6 30. Qc7 gxf4 31. Qxf7+ Kf5 32. g4+ Kxg4 33. Qe6+
1-0

[Event "Tradewise Hastings Masters 15-16"]
[Site "Hastings, England"]
[Date "2016.01.04"]
[Round "8.3"]
[White "Khenkin, Igor"]
[Black "Romanishin, Oleg M"]
[Result "1-0"]
[WhiteElo "2605"]
[BlackElo "2462"]
[PlyCount "91"]
[EventDate "2016.??.??"]

1. d4 Nf6 2. c4 e6 3. Nf3 b6 4. Nc3 Bb7 5. a3 g6 6. Qc2 Bxf3 7. exf3 Bg7 8. Bg5
h6 9. Be3 c6 10. d5 cxd5 11. cxd5 Nxd5 12. Nxd5 exd5 13. Rd1 O-O 14. Rxd5 Nc6
15. Bb5 Qf6 16. Rxd7 Rac8 17. O-O Nd4 18. Qd3 Nxb5 19. Qxb5 Qxb2 20. Qxb2 Bxb2
21. Bxh6 Rfe8 22. Rxa7 Bd4 23. Rd7 Rc4 24. g4 Bc5 25. Rd3 Re2 26. Be3 Rcc2 27.
h4 Kg7 28. a4 Kf6 29. Bxc5 bxc5 30. Kg2 Ke6 31. Kg3 Ra2 32. Rc3 Kd6 33. Rd1+
Kc6 34. Rdc1 Re5 35. Rc4 Rd5 36. R1c3 Kd6 37. Rf4 f5 38. Rfc4 Rd4 39. Rxc5 f4+
40. Kh3 Rxf2 41. Rc6+ Kd7 42. g5 Rf1 43. Rc7+ Kd8 44. Rc8+ Kd7 45. R3c7+ Ke6
46. Re8+ 1-0

[Event "Tradewise Hastings Masters 15-16"]
[Site "Hastings, England"]
[Date "2016.01.04"]
[Round "8.4"]
[White "Sulskis, Sarunas"]
[Black "Nagy, Gabor"]
[Result "1-0"]
[WhiteElo "2535"]
[BlackElo "2403"]
[PlyCount "75"]
[EventDate "2016.??.??"]

1. e4 e5 2. Nf3 Nc6 3. Bb5 a6 4. Ba4 Nf6 5. d3 b5 6. Bb3 Be7 7. a4 Bb7 8. O-O
O-O 9. Re1 d5 10. exd5 Nxd5 11. Nxe5 Nxe5 12. Rxe5 Qd6 13. Re1 c5 14. axb5 axb5
15. Rxa8 Bxa8 16. Nd2 Qg6 17. Qf3 Rd8 18. Qg3 Qxg3 19. hxg3 Kf8 20. Nf3 h6 21.
Bd2 Bf6 22. Ne5 Bb7 23. f4 Bc8 24. Ra1 Bxe5 25. fxe5 Be6 26. Ra5 Rb8 27. Be1
Ne3 28. Bxe6 fxe6 29. Bf2 Nxc2 30. Bxc5+ Kf7 31. Kf2 Rd8 32. Ke2 Rd5 33. b4
Rxe5+ 34. Kd2 Ne1 35. Ra1 Nxg2 36. Rg1 h5 37. Rxg2 Rg5 38. d4 1-0

[Event "Tradewise Hastings Masters 15-16"]
[Site "Hastings, England"]
[Date "2016.01.04"]
[Round "8.5"]
[White "Hebden, Mark L"]
[Black "Batchelor, Peter J"]
[Result "1/2-1/2"]
[WhiteElo "2469"]
[BlackElo "2307"]
[PlyCount "118"]
[EventDate "2016.??.??"]

1. d4 Nf6 2. Nf3 e6 3. Bg5 c5 4. e3 d5 5. Nbd2 Be7 6. c3 Nbd7 7. Bd3 b6 8. O-O
Bb7 9. Ne5 Nxe5 10. dxe5 Nd7 11. Bxe7 Qxe7 12. f4 O-O-O 13. Qe2 Kb8 14. a4 f6
15. exf6 gxf6 16. e4 Qd6 17. Ba6 Ba8 18. Bb5 Rhg8 19. Rad1 Rg7 20. Rf2 Qc7 21.
exd5 exd5 22. Nf1 Nf8 23. Ng3 Ng6 24. Nf5 Rgg8 25. Rdf1 d4 26. cxd4 cxd4 27.
Qc4 d3 28. Qxc7+ Kxc7 29. Rd2 Be4 30. Ng3 f5 31. Bc4 Rge8 32. Bf7 Re7 33. Bxg6
hxg6 34. Re1 Rd4 35. Ne2 Rc4 36. Nc3 Rd7 37. g3 Kc6 38. Rc1 Kc5 39. Kf2 Kb4 40.
Ke3 a6 41. Na2+ Kb3 42. Rc3+ Rxc3 43. Nxc3 Bc6 44. h3 b5 45. axb5 axb5 46. Kf2
b4 47. Nd1 Bb5 48. g4 Rh7 49. gxf5 gxf5 50. Ne3 Rxh3 51. Nxf5 Rh2+ 52. Ke3 Re2+
53. Rxe2 dxe2 54. Nd4+ Kxb2 55. Kd2 Bc4 56. Nxe2 Bxe2 57. Kxe2 Kc2 58. f5 b3
59. f6 b2 1/2-1/2

[Event "Tradewise Hastings Masters 15-16"]
[Site "Hastings, England"]
[Date "2016.01.04"]
[Round "8.6"]
[White "Flear, Glenn C"]
[Black "Krishna C R G"]
[Result "1-0"]
[WhiteElo "2459"]
[BlackElo "2367"]
[PlyCount "89"]
[EventDate "2016.??.??"]

1. d4 d5 2. c4 c6 3. Nc3 Nf6 4. e3 a6 5. Qc2 e6 6. Nf3 c5 7. cxd5 exd5 8. Be2
Nc6 9. Ne5 Nb4 10. Qd1 Bf5 11. O-O Bd6 12. a3 Nc6 13. Nxc6 bxc6 14. dxc5 Bxc5
15. b4 Bd6 16. Bb2 Qc7 17. g3 h5 18. Bf3 Rd8 19. Rc1 Be5 20. Qe2 Bg4 21. Bxg4
hxg4 22. Qxa6 Qd7 23. Na4 Bxb2 24. Nxb2 Qf5 25. Qxc6+ Kf8 26. Qc7 Re8 27. Qf4
Qh5 28. h4 Ne4 29. Rc6 g5 30. Qf5 gxh4 31. Qxh5 Rxh5 32. gxh4 Nd2 33. Rfc1 Nf3+
34. Kg2 Nxh4+ 35. Kg3 Re4 36. Rh1 Nf5+ 37. Kg2 Rxh1 38. Kxh1 g3 39. Rf6 Re5 40.
f4 g2+ 41. Kg1 Rxe3 42. Rxf5 Re1+ 43. Kxg2 Re2+ 44. Kf3 Rxb2 45. Rxd5 1-0

[Event "Tradewise Hastings Masters 15-16"]
[Site "Hastings, England"]
[Date "2016.01.04"]
[Round "8.7"]
[White "Williams, Simon K"]
[Black "Gormally, Daniel W"]
[Result "1-0"]
[WhiteElo "2439"]
[BlackElo "2506"]
[PlyCount "77"]
[EventDate "2016.??.??"]

1. d4 Nf6 2. Nf3 g6 3. c4 c5 4. Nc3 Bg7 5. d5 O-O 6. e4 d6 7. Bf4 Re8 8. Be2
Qb6 9. Qd2 e6 10. O-O exd5 11. exd5 Bg4 12. h3 Bxf3 13. Bxf3 Nbd7 14. Rfe1 a6
15. Qc2 Ne5 16. Bxe5 Rxe5 17. Rxe5 dxe5 18. Qb3 Qc7 19. d6 Qxd6 20. Rd1 Qf8 21.
Qxb7 Rb8 22. Qc7 Re8 23. Bc6 Rc8 24. Qd6 Nh5 25. Bb7 Qxd6 26. Rxd6 Rb8 27. Rb6
Nf4 28. Rb3 Nd3 29. Ne4 Rd8 30. Bd5 Nf4 31. Nxc5 Nxd5 32. Rd3 Bf8 33. Nb3 Rc8
34. cxd5 e4 35. Rd4 f5 36. d6 Kf7 37. Na5 Ke6 38. Nb7 Kd7 39. b4 1-0

[Event "Tradewise Hastings Masters 15-16"]
[Site "Hastings, England"]
[Date "2016.01.04"]
[Round "8.8"]
[White "Prosviriakov, Vladimir"]
[Black "Bagi, Mate"]
[Result "0-1"]
[WhiteElo "2232"]
[BlackElo "2440"]
[PlyCount "64"]
[EventDate "2016.??.??"]

1. e4 e5 2. Nf3 Nc6 3. Bb5 a6 4. Ba4 Nf6 5. Qe2 b5 6. Bb3 Be7 7. c3 O-O 8. O-O
d5 9. exd5 Nxd5 10. Nxe5 Nxe5 11. Qxe5 Bb7 12. d4 Bd6 13. Qg5 Qd7 14. Be3 Rae8
15. Nd2 Re6 16. Bc2 Rh6 17. h3 f5 18. Bb3 Kh8 19. Bxd5 Bxd5 20. f3 Rff6 21. c4
bxc4 22. Ne4 Rfg6 23. Nc3 Bg8 24. Qxh6 gxh6 25. d5 Be5 26. f4 Bg7 27. Rad1 c6
28. Rd2 Bxd5 29. Rfd1 Qe8 30. Bc5 Bxc3 31. bxc3 Qe4 32. Bd4+ Kg8 0-1

[Event "Tradewise Hastings Masters 15-16"]
[Site "Hastings, England"]
[Date "2016.01.04"]
[Round "8.9"]
[White "Taylor, Adam C"]
[Black "Sarkar, Justin"]
[Result "0-1"]
[WhiteElo "2282"]
[BlackElo "2407"]
[PlyCount "148"]
[EventDate "2016.??.??"]

1. d4 Nf6 2. c4 g6 3. Nc3 d5 4. Bg5 Ne4 5. Bh4 Nxc3 6. bxc3 dxc4 7. Qa4+ c6 8.
Qxc4 Qa5 9. e3 Na6 10. Nf3 Be6 11. Qd3 Bg7 12. Be2 Nc5 13. Qc2 Bf5 14. Qb2 Na4
15. Qb4 Qxb4 16. cxb4 Nc3 17. Bc4 b5 18. Bb3 a5 19. bxa5 Rxa5 20. Rc1 b4 21.
Nd2 Bd3 22. Nc4 Rh5 23. Bg3 Ne2 24. Rd1 Nxg3 25. fxg3 Bxc4 26. Bxc4 e6 27. Rb1
c5 28. Ke2 O-O 29. g4 Rg5 30. Kf3 h5 31. gxh5 Rxh5 32. dxc5 Bc3 33. Rbd1 Rc8
34. Bb3 Rcxc5 35. h3 Bf6 36. Rhf1 Rhe5 37. Ke2 Bg5 38. Rf3 Rc3 39. Rd3 Rxd3 40.
Kxd3 Kg7 41. Kd4 Ra5 42. Kc4 Be7 43. e4 Re5 44. Kd3 Bc5 45. g4 g5 46. Rf1 Bd6
47. Rc1 Rb5 48. Rc6 Bf4 49. Bc4 Rb8 50. Kc2 Kf6 51. Rc5 Rd8 52. Bd3 Bd6 53. Rb5
Rc8+ 54. Kd2 Rc3 55. Ra5 Bf4+ 56. Ke2 Rc1 57. Kf2 Bd6 58. Rb5 Rc3 59. Ke3 Bc5+
60. Kd2 Ke5 61. Rb7 Ra3 62. Bc4 Rxh3 63. Rxf7 Rg3 64. Rg7 Rxg4 65. Rg6 Rg2+ 66.
Kd3 Rg3+ 67. Ke2 Kxe4 68. Rxe6+ Kd4 69. Bb3 g4 70. Kf2 Rxb3 71. Rg6 Ke4+ 72.
Kg2 Rb2+ 73. Kg3 Kf5 74. Rh6 Bf2+ 0-1

[Event "Tradewise Hastings Masters 15-16"]
[Site "Hastings, England"]
[Date "2016.01.04"]
[Round "8.10"]
[White "Pap, Gyula"]
[Black "Cunningham, Robin"]
[Result "1/2-1/2"]
[WhiteElo "2551"]
[BlackElo "2205"]
[PlyCount "33"]
[EventDate "2016.??.??"]

1. d4 d5 2. Nf3 c5 3. c3 e6 4. Bf4 Nc6 5. e3 Nf6 6. Nbd2 Bd6 7. Bg3 O-O 8. Bd3
Qe7 9. Ne5 Bxe5 10. dxe5 Nd7 11. f4 f5 12. c4 Nb6 13. Bf2 Nb4 14. Be2 dxc4 15.
Nxc4 Nxc4 16. Bxc4 Rd8 17. Qe2 1/2-1/2

[Event "Tradewise Hastings Masters 15-16"]
[Site "Hastings, England"]
[Date "2016.01.04"]
[Round "8.11"]
[White "Arkell, Keith C"]
[Black "Singh, Vishnu"]
[Result "1/2-1/2"]
[WhiteElo "2490"]
[BlackElo "2180"]
[PlyCount "103"]
[EventDate "2016.??.??"]

1. d4 Nf6 2. Nf3 g6 3. c4 Bg7 4. Nc3 O-O 5. g3 c6 6. Bg2 d5 7. Ne5 Nbd7 8. Nxd7
Qxd7 9. cxd5 cxd5 10. Qb3 e6 11. Bf4 Nh5 12. Be3 b6 13. O-O Ba6 14. Rfc1 Rfc8
15. Qd1 Rc4 16. Qd2 Rac8 17. Rd1 b5 18. a3 Qb7 19. Bf3 Nf6 20. Bh6 Bxh6 21.
Qxh6 b4 22. axb4 Rxb4 23. Qf4 Kg7 24. Qe5 Bc4 25. h4 h6 26. g4 Qc7 27. Qxc7
Rxc7 28. Rd2 g5 29. hxg5 hxg5 30. e3 Rcb7 31. Na4 Nd7 32. Bd1 Bb3 33. Bxb3 Rxb3
34. Rc2 R3b4 35. Kg2 e5 36. Nc3 Rc4 37. Rd2 exd4 38. Nxd5 dxe3 39. Nxe3 Rcb4
40. Rd5 f6 41. Kg3 Rb3 42. Rh1 Ne5 43. Kg2 Nf7 44. Rc5 Rxb2 45. Rc8 Rb8 46.
Nf5+ Kg6 47. Rc7 R2b7 48. Rc6 Ra8 49. Re1 Rf8 50. Re7 Rxe7 51. Nxe7+ Kg7 52.
Nf5+ 1/2-1/2

[Event "Tradewise Hastings Masters 15-16"]
[Site "Hastings, England"]
[Date "2016.01.04"]
[Round "8.12"]
[White "Rolvag, Mikael"]
[Black "Eggleston, David J"]
[Result "0-1"]
[WhiteElo "2221"]
[BlackElo "2396"]
[PlyCount "95"]
[EventDate "2016.??.??"]

1. d4 Nf6 2. Nf3 e6 3. c4 b6 4. a3 Bb7 5. Nc3 d5 6. cxd5 exd5 7. Bf4 Be7 8. e3
O-O 9. Be2 Nbd7 10. O-O c5 11. Qc2 Ne4 12. Rfd1 Ndf6 13. dxc5 Nxc3 14. Qxc3
bxc5 15. Ne5 Qb6 16. Bf3 Rad8 17. Qc2 Rfe8 18. Nd3 Bc8 19. b4 c4 20. Nb2 Bg4
21. Bxg4 Nxg4 22. h3 Nf6 23. Na4 Qe6 24. Nc3 Ne4 25. Nb5 Rf8 26. Nd4 Qb6 27. f3
Nd6 28. a4 Bf6 29. Rab1 a6 30. Bg3 g6 31. Bf2 Qb7 32. g4 Qd7 33. Kg2 Bg7 34. b5
Bxd4 35. Rxd4 axb5 36. Rxd5 bxa4 37. Rbd1 Qc6 38. R1d4 c3 39. Be1 Nf5 40. Bf2
Nd6 41. Rd3 a3 42. e4 a2 43. Qxa2 c2 44. Rc5 Qxc5 45. Bxc5 c1=Q 46. Bxd6 Rc8
47. Rd2 Rfd8 48. e5 0-1

[Event "Tradewise Hastings Masters 15-16"]
[Site "Hastings, England"]
[Date "2016.01.04"]
[Round "8.13"]
[White "Gluckman, David"]
[Black "Bates, Richard A"]
[Result "0-1"]
[WhiteElo "2219"]
[BlackElo "2331"]
[PlyCount "54"]
[EventDate "2016.??.??"]

1. e4 c5 2. Nf3 d6 3. c3 Nf6 4. Be2 Bd7 5. e5 dxe5 6. Nxe5 Nc6 7. Nxd7 Qxd7 8.
O-O e6 9. d3 Be7 10. Nd2 O-O 11. Ne4 Rfd8 12. Nxf6+ Bxf6 13. Be3 b6 14. Qc2
Rac8 15. Qb3 Ne7 16. Rfe1 Nf5 17. Bf1 h5 18. Bf4 b5 19. d4 cxd4 20. Bxb5 Qb7
21. Rxe6 Nh4 22. f3 fxe6 23. Qxe6+ Qf7 24. Qe2 dxc3 25. bxc3 Bxc3 26. Bg5 Bxa1
27. Bxd8 Bd4+ 0-1

[Event "Tradewise Hastings Masters 15-16"]
[Site "Hastings, England"]
[Date "2016.01.04"]
[Round "8.14"]
[White "Radovanovic, Jovica"]
[Black "Snape, Ian L"]
[Result "1-0"]
[WhiteElo "2321"]
[BlackElo "2168"]
[PlyCount "67"]
[EventDate "2016.??.??"]

1. d4 Nf6 2. Nf3 g6 3. c4 Bg7 4. g3 O-O 5. Bg2 d6 6. O-O Nc6 7. Nc3 e5 8. d5
Ne7 9. a4 a5 10. c5 Ne8 11. cxd6 Nxd6 12. Qb3 Bf5 13. Nd2 Qd7 14. Nde4 Nxe4 15.
Nxe4 Bxe4 16. Bxe4 Nc8 17. Bg2 Nd6 18. e4 c5 19. dxc6 Qxc6 20. Bg5 Rfc8 21.
Rfc1 Qd7 22. Qd5 Rc6 23. b3 h6 24. Bd2 Rac8 25. Rxc6 bxc6 26. Qxa5 f5 27. Bc3
fxe4 28. Rd1 Qe6 29. Qc5 Nf5 30. Bxe4 Qxb3 31. Rd7 Rf8 32. Qxc6 Kh8 33. Qxg6
Qxc3 34. Bxf5 1-0

[Event "Tradewise Hastings Masters 15-16"]
[Site "Hastings, England"]
[Date "2016.01.04"]
[Round "8.15"]
[White "Karthik, V. AP."]
[Black "ter Steeg, Marcus"]
[Result "1-0"]
[WhiteElo "2310"]
[BlackElo "2036"]
[PlyCount "63"]
[EventDate "2016.??.??"]

1. d4 Nf6 2. Nf3 e6 3. c4 b6 4. Nc3 Ba6 5. e4 Bb4 6. Bd3 Bb7 7. Qe2 d6 8. Bd2
c5 9. O-O cxd4 10. Nxd4 O-O 11. Rad1 a6 12. a3 Bxc3 13. Bxc3 Qc7 14. f4 Nbd7
15. Nf3 e5 16. fxe5 Nxe5 17. Nxe5 dxe5 18. Rf5 Rfe8 19. Rdf1 Re6 20. Bd2 Rd8
21. Bg5 Rxd3 22. Bxf6 Rd4 23. Qg4 Rxf6 24. Rxf6 Rxe4 25. Qg3 Re2 26. R6f2 Qc5
27. Qd3 Rxf2 28. Rxf2 g6 29. Qd7 f5 30. Qxb7 Qe3 31. Qd5+ Kg7 32. Qd2 1-0

[Event "Tradewise Hastings Masters 15-16"]
[Site "Hastings, England"]
[Date "2016.01.04"]
[Round "8.16"]
[White "Ripari, Marcelo"]
[Black "Hand, Freddie"]
[Result "1/2-1/2"]
[WhiteElo "2310"]
[BlackElo "1878"]
[PlyCount "71"]
[EventDate "2016.??.??"]

1. e4 e5 2. Nf3 Nf6 3. Nc3 Nc6 4. g3 d5 5. exd5 Nxd5 6. Bg2 Nxc3 7. bxc3 Bg4 8.
h3 Bh5 9. O-O Bd6 10. Rb1 Rb8 11. d3 O-O 12. g4 Bg6 13. Ng5 Qd7 14. Be3 Nd8 15.
Ne4 b6 16. Nxd6 Qxd6 17. f4 exf4 18. Rxf4 Ne6 19. Rf2 Rbd8 20. Qf1 c5 21. Re1
Rfe8 22. Rfe2 Qd7 23. Qf3 Nc7 24. h4 f6 25. h5 Bf7 26. h6 Bd5 27. Qg3 Bxg2 28.
Qxg2 Nd5 29. Bd2 Rxe2 30. Qxe2 Nc7 31. Qf3 Re8 32. Rxe8+ Nxe8 33. hxg7 Qxg7 34.
Kf2 Nc7 35. Qb7 Ne8 36. Qd5+ 1/2-1/2

[Event "Tradewise Hastings Masters 15-16"]
[Site "Hastings, England"]
[Date "2016.01.04"]
[Round "8.17"]
[White "Ledger, Dave J"]
[Black "Wadsworth, Matthew J"]
[Result "0-1"]
[WhiteElo "2212"]
[BlackElo "2273"]
[Annotator "Carr,Matthew"]
[PlyCount "112"]
[EventDate "2016.??.??"]

1. e4 c6 2. d4 d5 3. e5 Bf5 4. Nf3 e6 5. Be2 Nd7 6. Nbd2 h6 7. O-O Ne7 8. Nb3
Qc7 9. a4 a5 10. Ne1 b6 11. f4 Bg6 12. Nf3 Bh5 13. Be3 Nf5 14. Bf2 g6 15. Rc1
Bxf3 16. Bxf3 h5 17. c4 Qb7 18. cxd5 cxd5 19. Be2 Bb4 20. Bb5 Ra7 21. g3 O-O
22. h3 Nb8 23. g4 Ng7 24. Bh4 Be7 25. Bg3 Rc8 26. Qe2 Na6 27. Bxa6 Rxa6 28.
Rxc8+ Qxc8 29. Rc1 Qb7 30. Qb5 Ra8 31. Nc5 Qc7 32. Nd3 Qb7 33. Rc3 Rc8 34. Nc5
Bxc5 35. dxc5 d4 36. c6 Qc7 37. Rc1 Qd8 38. Bf2 hxg4 39. hxg4 g5 40. Qc4 d3 41.
c7 Qd7 42. Bxb6 d2 43. Rd1 Ne8 44. Qe4 Nxc7 45. Qb7 Kg7 46. fxg5 Qd3 47. Rxd2
Qxd2 48. Qxc8 Qe1+ 49. Kg2 Nd5 50. Bc5 Qe2+ 51. Kh3 Qf1+ 52. Kh4 Qe1+ 53. Kh3
Nf4+ 54. Kh2 Qh4+ 55. Kg1 Qg3+ 56. Kf1 Qg2+ 0-1

[Event "Tradewise Hastings Masters 15-16"]
[Site "Hastings, England"]
[Date "2016.01.04"]
[Round "8.18"]
[White "Rudd, Jack"]
[Black "Burrows, Martin P"]
[Result "1-0"]
[WhiteElo "2255"]
[BlackElo "2145"]
[PlyCount "67"]
[EventDate "2016.??.??"]

1. d4 Nf6 2. c4 e6 3. Nc3 Bb4 4. e3 b6 5. Nge2 Bb7 6. a3 Bd6 7. f3 Nh5 8. e4
Qh4+ 9. Kd2 e5 10. d5 c6 11. Kc2 Qe7 12. Be3 Nf6 13. Qd2 cxd5 14. cxd5 Na6 15.
Rc1 Bc5 16. Kb1 Bxe3 17. Qxe3 d6 18. Ng3 g6 19. Bb5+ Kf8 20. Qh6+ Kg8 21. Nd1
Qf8 22. Qg5 Qg7 23. Ne3 h6 24. Qh4 Kh7 25. Ngf5 gxf5 26. Nxf5 Qg6 27. Nxd6 Bxd5
28. Bxa6 Rhd8 29. Nf5 Be6 30. g4 Rd2 31. Rcg1 Nd7 32. Ne7 Qf6 33. g5 Qxe7 34.
g6+ 1-0

[Event "Tradewise Hastings Masters 15-16"]
[Site "Hastings, England"]
[Date "2016.01.04"]
[Round "8.19"]
[White "Brewer, Callum D"]
[Black "Roberts, Paul"]
[Result "1/2-1/2"]
[WhiteElo "1945"]
[BlackElo "2197"]
[PlyCount "103"]
[EventDate "2016.??.??"]

1. e4 c5 2. c3 d6 3. d4 Nf6 4. Bd3 Qc7 5. h3 g6 6. Nf3 Nbd7 7. O-O Bg7 8. Qe2
e5 9. dxe5 dxe5 10. a4 O-O 11. Nbd2 b6 12. Nc4 Bb7 13. Bd2 Rad8 14. Na3 Nh5 15.
g3 Ndf6 16. Rfe1 Bc8 17. h4 Ng4 18. Bc4 h6 19. Rad1 Kh8 20. Bc1 f5 21. exf5
gxf5 22. Nh2 Bb7 23. Rxd8 Rxd8 24. Rd1 Nxh2 25. Kxh2 Nf6 26. Rxd8+ Qxd8 27. Qd3
Qc8 28. Qd6 Qc6 29. Qxc6 Bxc6 30. Nb5 a6 31. Nd6 Bxa4 32. Bxa6 Bc2 33. Bc8 f4
34. gxf4 exf4 35. Bxf4 Nh5 36. Bg3 Nxg3 37. fxg3 Kg8 38. Ba6 Be5 39. Nc8 Bc7
40. Ne7+ Kf7 41. Nd5 Bd8 42. Bc4 Kg7 43. Ne3 Be4 44. Kh3 Bc6 45. Be6 b5 46. Kg4
Bf6 47. Kf5 b4 48. cxb4 Bxb2 49. Nc4 Bd4 50. bxc5 Bxc5 51. g4 Ba4 52. Ke4
1/2-1/2

[Event "Tradewise Hastings Masters 15-16"]
[Site "Hastings, England"]
[Date "2016.01.04"]
[Round "8.20"]
[White "Byron, Alan M"]
[Black "Gaudeau, Valentin"]
[Result "0-1"]
[WhiteElo "2175"]
[BlackElo "2080"]
[PlyCount "88"]
[EventDate "2016.??.??"]

1. e4 c5 2. Nf3 d6 3. c4 Nc6 4. Nc3 g6 5. d4 cxd4 6. Nxd4 Bg7 7. Be3 Nf6 8. Be2
O-O 9. O-O Qd7 10. f3 b6 11. Qd2 Nxd4 12. Bxd4 Bb7 13. Rfd1 Rfd8 14. a4 Bc6 15.
b4 Qb7 16. Rab1 Be8 17. Qb2 Nh5 18. Bxg7 Nxg7 19. Qd2 Rd7 20. f4 Rad8 21. f5 f6
22. g4 Bf7 23. Rb3 e6 24. g5 fxg5 25. f6 Ne8 26. Qxg5 Qc6 27. Rf1 Nc7 28. Qh4
a5 29. Nb5 Be8 30. f7+ Bxf7 31. Rh3 h5 32. Qf6 Ne8 33. Qg5 axb4 34. Rxh5 Qxe4
35. Rh3 Qxe2 36. Qh6 Qe5 37. Qh7+ Kf8 38. Rhf3 Qg7 39. Qh4 Rc8 40. Nd4 Kg8 41.
Qf2 Rxc4 42. Nxe6 Bxe6 43. Rf8+ Kh7 44. h3 Nc7 0-1

[Event "Tradewise Hastings Masters 15-16"]
[Site "Hastings, England"]
[Date "2016.01.04"]
[Round "8.21"]
[White "Norton, Craig"]
[Black "Gluckman, Paul"]
[Result "1-0"]
[WhiteElo "2146"]
[BlackElo "1742"]
[PlyCount "57"]
[EventDate "2016.??.??"]

1. d4 f5 2. Bg5 h6 3. Bh4 g5 4. e4 Bg7 5. Bg3 Nf6 6. exf5 d6 7. Bd3 Nc6 8. c3
Bd7 9. Nd2 Qc8 10. Qc2 b6 11. h4 g4 12. Ne2 Qb7 13. Nf4 O-O-O 14. O-O-O d5 15.
Rde1 Kb8 16. Re2 Bc8 17. Rhe1 Rhe8 18. Ne6 Bxe6 19. Rxe6 a6 20. Nb3 Ka7 21. Kb1
Nb8 22. Rxe7 Rxe7 23. Rxe7 Rd7 24. Rxd7 Nbxd7 25. Be5 Ne8 26. Qe2 Bf6 27. Qxg4
Nxe5 28. dxe5 Bxe5 29. Qe2 1-0

[Event "Tradewise Hastings Masters 15-16"]
[Site "Hastings, England"]
[Date "2016.01.04"]
[Round "8.22"]
[White "Ramstad, Havard"]
[Black "Cafferty, Bernard"]
[Result "1/2-1/2"]
[WhiteElo "2026"]
[BlackElo "2096"]
[PlyCount "85"]
[EventDate "2016.??.??"]

1. d4 Nf6 2. Bf4 d5 3. Nf3 g6 4. e3 Bg7 5. Be2 O-O 6. c3 c6 7. Nbd2 Bf5 8. O-O
Nbd7 9. h3 Ne4 10. Nxe4 Bxe4 11. Nd2 Bf5 12. Re1 e5 13. dxe5 Nxe5 14. Nf3 Re8
15. Nxe5 Bxe5 16. Bxe5 Rxe5 17. Bg4 Bxg4 18. Qxg4 Re4 19. Qd1 Qb6 20. Qb3 Qc7
21. Red1 Rae8 22. Rd4 h5 23. Rad1 Kg7 24. c4 Rxd4 25. Rxd4 dxc4 26. Qxc4 Rd8
27. Qd3 Rf8 28. Rd7 Qb6 29. Qc3+ Kg8 30. Qf6 Qa6 31. a3 Qb5 32. Re7 Qb3 33. e4
a5 34. Kh2 b5 35. f4 h4 36. Qxh4 Qxb2 37. e5 Qd4 38. Qg5 Qe4 39. e6 Qf5 40. Qh6
b4 41. axb4 axb4 42. exf7+ Rxf7 43. Re8+ 1/2-1/2

[Event "Tradewise Hastings Masters 15-16"]
[Site "Hastings, England"]
[Date "2016.01.04"]
[Round "8.23"]
[White "Waddington, Mike P"]
[Black "Anderson, John"]
[Result "0-1"]
[WhiteElo "2066"]
[BlackElo "2247"]
[PlyCount "64"]
[EventDate "2016.??.??"]

1. c4 Nf6 2. g3 g6 3. Bg2 Bg7 4. Nc3 O-O 5. d4 d6 6. Nf3 Nbd7 7. e4 c6 8. a4 e5
9. O-O a5 10. h3 Qb6 11. c5 dxc5 12. dxe5 Ne8 13. Bf4 Nc7 14. Qd2 Re8 15. Bh6
Nxe5 16. Nxe5 Bxe5 17. f4 Bd4+ 18. Kh2 Be6 19. e5 Rad8 20. Qc1 f5 21. exf6 Bxf6
22. Re1 Bd5 23. Rb1 Rxe1 24. Qxe1 Re8 25. Qd2 Qb4 26. Rd1 Qd4 27. Qc2 Qc4 28.
Bf1 Qb4 29. Ra1 Bb3 30. Qd2 Qd4 31. Qg2 Nd5 32. Rc1 Ne3 0-1

[Event "Tradewise Hastings Masters 15-16"]
[Site "Hastings, England"]
[Date "2016.01.04"]
[Round "8.24"]
[White "Norinkeviciute, Rasa"]
[Black "Lyell, Mark"]
[Result "0-1"]
[WhiteElo "2036"]
[BlackElo "2228"]
[PlyCount "66"]
[EventDate "2016.??.??"]

1. c4 e5 2. g3 Nf6 3. Bg2 h6 4. Nc3 Bb4 5. Nd5 Nxd5 6. cxd5 O-O 7. Nf3 d6 8.
O-O e4 9. Ne1 Re8 10. d3 Bf5 11. dxe4 Bxe4 12. Nd3 Ba5 13. Nf4 Bb6 14. Kh1
Bxg2+ 15. Kxg2 Nd7 16. e3 Qf6 17. h4 Qf5 18. b3 Nf6 19. Bb2 Ng4 20. Qd3 Re4 21.
Qc3 Ne5 22. Rae1 g5 23. hxg5 hxg5 24. f3 gxf4 25. exf4 Rxf4 26. Rxe5 dxe5 27.
gxf4 Qg6+ 28. Kh2 Qh5+ 29. Kg3 Kh7 30. Qd3+ f5 31. fxe5 Qg5+ 32. Kh3 Qh6+ 33.
Kg2 Rg8# 0-1

[Event "Tradewise Hastings Masters 15-16"]
[Site "Hastings, England"]
[Date "2016.01.04"]
[Round "8.25"]
[White "Kett, Tim"]
[Black "Brown, Thomas"]
[Result "1-0"]
[WhiteElo "2192"]
[BlackElo "2066"]
[PlyCount "67"]
[EventDate "2016.??.??"]

1. b3 g6 2. Bb2 Nf6 3. e4 d6 4. f4 Bg7 5. Nf3 O-O 6. Bd3 Nbd7 7. Nc3 Nc5 8. Qe2
b6 9. O-O-O Nxd3+ 10. Qxd3 a5 11. Ng5 Ba6 12. Qh3 h6 13. Nf3 Bc8 14. Qh4 a4 15.
Rhf1 b5 16. f5 axb3 17. axb3 b4 18. Ne2 c5 19. fxg6 fxg6 20. e5 Ng4 21. h3 Rxf3
22. gxf3 Nxe5 23. d4 Ba6 24. Rf2 Nxf3 25. Qe4 Bxe2 26. Rxe2 Nxd4 27. Bxd4 cxd4
28. Qxg6 e5 29. Rg2 Qf8 30. Kb1 Ra7 31. Rdg1 Qa8 32. Kc1 Ra1+ 33. Kd2 Rxg1 34.
Qxg7# 1-0

[Event "Tradewise Hastings Masters 15-16"]
[Site "Hastings, England"]
[Date "2016.01.04"]
[Round "8.26"]
[White "Gallagher, Daniel GH"]
[Black "Crocker, Philip J"]
[Result "1/2-1/2"]
[WhiteElo "2010"]
[BlackElo "2169"]
[PlyCount "32"]
[EventDate "2016.??.??"]

1. e4 Nf6 2. e5 Nd5 3. d4 d6 4. Nf3 dxe5 5. Nxe5 c6 6. Be2 Bf5 7. O-O Nd7 8.
Nf3 e6 9. c4 N5f6 10. Nc3 Bd6 11. Be3 O-O 12. Nh4 Re8 13. Bf3 Qc7 14. h3 Bg6
15. Nxg6 hxg6 16. Qd3 e5 1/2-1/2

[Event "Tradewise Hastings Masters 15-16"]
[Site "Hastings, England"]
[Date "2016.01.04"]
[Round "8.27"]
[White "Rice, Chris B"]
[Black "Eggleston, Thomas A"]
[Result "0-1"]
[WhiteElo "1956"]
[BlackElo "2159"]
[PlyCount "77"]
[EventDate "2016.??.??"]

1. c4 Nf6 2. g3 g6 3. Bg2 Bg7 4. Nc3 O-O 5. d3 d6 6. Bg5 h6 7. Bd2 e5 8. Nf3
Re8 9. O-O c6 10. Qc2 d5 11. e4 d4 12. Ne2 c5 13. a3 Nbd7 14. b4 Qc7 15. Rfb1
cxb4 16. axb4 b5 17. c5 Nb8 18. h3 Nc6 19. Nh2 Be6 20. f4 Nd7 21. Rf1 f6 22. f5
Bf7 23. Rfb1 g5 24. Nc1 Bf8 25. Nb3 a5 26. bxa5 Qb7 27. Bf3 b4 28. Bd1 Qb5 29.
Nf3 Rec8 30. Ne1 Ncb8 31. Qb2 Na6 32. Kf2 Rab8 33. Ke2 Ndxc5 34. Nxc5 Nxc5 35.
Qxb4 Qe8 36. Ba4 Nxa4 37. Qxa4 Qxa4 38. Rxb8 Qxa1 39. Rxc8 0-1

[Event "Tradewise Hastings Masters 15-16"]
[Site "Hastings, England"]
[Date "2016.01.04"]
[Round "8.28"]
[White "Goater, Kevin P"]
[Black "Atako, Chino C"]
[Result "0-1"]
[WhiteElo "2141"]
[BlackElo "2050"]
[PlyCount "64"]
[EventDate "2016.??.??"]

1. d4 f5 2. Nf3 Nf6 3. Bg5 e6 4. Nbd2 d5 5. e3 Be7 6. Ne5 O-O 7. Bd3 Nbd7 8.
Ndf3 Nb6 9. Bxf6 gxf6 10. g4 fxe5 11. Nxe5 Bd6 12. gxf5 Bxe5 13. dxe5 exf5 14.
Rg1+ Kh8 15. Qh5 Qe8 16. Qh6 Rf7 17. O-O-O Qxe5 18. Be2 Qf6 19. Qf4 Be6 20. h4
Rg7 21. h5 h6 22. Rg6 Rxg6 23. hxg6 Qxg6 24. Rh1 Kh7 25. Bh5 Qg7 26. Rh3 Nc4
27. c3 Ne5 28. Kc2 Qf6 29. Rh2 Rg8 30. f3 Rg1 31. Qd4 Qg7 32. Qd2 Nc4 0-1